02174nam a2200229 i 4500001000700000003000900007005001700016008004100033017005000074020001800124040001800142100005000160245012700210260003500337300002700372336002200399337003000421338002400451520121400475700002801689852022701717196368ES-MaACL20250720091911.0240920b2024 sp ||||| |||| 00| 0 spa d aZ 518-2024bOficina Depósito Legal Zaragoza a9788412820836 bspacES-MaACL1 aLucía Megías, José Manuel, d1967-eaut aTrento : b(o el triunfo de la espera) / cJosé Manuel Lucía Megías ; traducción al italiano de Claudia Demattè. aZaragoza : bOlifante, c2024. a73 páginas ; c14 cm 2rdacontentatexto 2rdamediaasin mediación 2rdacarrieravolumen aHora es de hacer notar que la sangre de esa desazón no llegará a teñir de sangre las límpidas aguas del río, porque los días académicos italianos tocarán a su fin, y los amantes volverán a reunirse como si el tiempo no hubiese pasado, dioses en el Olimpo de un amor que, a fuer de verdadero, no puede permitirse el más ligero desmayo, la más mínima huella de un olvido. José Manuel Lucía nos cuenta todo el proceso en versos sabios, conmovedores, palpitantes de vida y emoción. Como José Manuel ha estudiado en profundidad la lírica provenzal trovadoresca, el dolce stil novo y el petrarquismo, los laberintos amorosos son para él autopistas por donde deslizarse sin esfuerzo en el plano formal, por más que en el de contenido siga primando cierto grado de sufrimiento, imprescindible si quiere uno que su poesía cale en los ánimos lectores, como es el caso (o, al menos, es mi caso). Seguros de no defraudarte, te invitamos, lector, a pasear tus ojos y tu alma por las calles verbales de este Trento fantasmagórico que, de principio a fin, no es la histórica ciudad italiana, sino un espacio de desasosiego regido por la espera del amado. Luis Alberto de Cuenca aDemattè, Claudiaetrl aES-MaACLcDEPOJjN-10110gDedicatoria autógrafa del autorhDonación: José Manuel Lucía MegíasxEncuadernación rústica con solapaszContiene postal con una fotografía del autor y un marcapáginas de la obra